One-star review (Record no. 76404)
[ view plain ]
| 000 -LEADER | |
|---|---|
| fixed length control field | 01131cab a2200193 4500 |
| 001 - CONTROL NUMBER | |
| control field | ##L132338 |
| 008 - FIXED-LENGTH DATA ELEMENTS--GENERAL INFORMATION | |
| fixed length control field | 060130n2006 000 0 eng u |
| 035 ## - SYSTEM CONTROL NUMBER | |
| System control number | (Sirsi) u132338 |
| 041 0# - LANGUAGE CODE | |
| Language code of text/sound track or separate title | eng |
| 100 1# - MAIN ENTRY--PERSONAL NAME | |
| Personal name | Klein, Rudi |
| 245 00 - TITLE STATEMENT | |
| Title | One-star review |
| 260 ## - PUBLICATION, DISTRIBUTION, ETC. | |
| Date of publication, distribution, etc. | 2006 |
| 490 #0 - SERIES STATEMENT | |
| Series statement | Building |
| Volume/sequential designation | 271(8415) 27 January 2006, 63(1) |
| 520 ## - SUMMARY, ETC. | |
| Summary, etc. | Argues that the amendments to the Housing Grants, Construction and Regeneration Act 1996, s110, proposed by the DTI, will not solve the problem of payment abuse in the industry. The amendments provide that a contractual mechanism for payment will only be valid if it requires a statement of what is due in a certificate issued by either the payer or payee, or a third party named in the contract. The DTI is not prepared, however, to take action to outlaw pay-if-paid clauses, or to make provision for stage payments for off-site work, both of which have strong support in the industry. |
| 590 ## - LOCAL NOTE (RLIN) | |
| Local note | IKA310106 |
| 650 24 - SUBJECT ADDED ENTRY--TOPICAL TERM | |
| Topical term or geographic name entry element | HOUSING GRANTS, CONSTRUCTION AND REGENERATION ACT 1996 |
| 690 ## - LOCAL SUBJECT ADDED ENTRY--TOPICAL TERM (OCLC, RLIN) | |
| Topical term or geographic name as entry element | BUILT ENVIRONMENT-CONSTRUCTION MANAGEMENT-BUILDING CONTRACT ADMINISTRATION |
| 942 ## - ADDED ENTRY ELEMENTS (KOHA) | |
| Suppress in OPAC | 0 |
| Withdrawn status | Lost status | Source of classification or shelving scheme | Damaged status | Not for loan | Home library | Current library | Shelving location | Date acquired | Total Checkouts | Full call number | Barcode | Date last seen | Copy number | Price effective from | Koha item type |
|---|---|---|---|---|---|---|---|---|---|---|---|---|---|---|---|
| Dewey Decimal Classification | London | London | Journal article | 30/01/2006 | L132338 | 132338-1001 | 06/08/2019 | 1 | 06/08/2019 | Journal article |